000 02104cam a22005534i 4500
003 PE-LiUPU
005 20250731180153.0
008 150706s2004 mx a r 000 0 spa d
020 _a9702607257
035 _a(Sirsi) i9789702607250
040 _aPE-LiUPU
_bspa
_cPE-LiUPU
_erda
049 _aPRUA
082 0 4 _a515
_bC212004
_221
245 1 0 _aCálculo aplicado /
_cDeborah Hughes-Hallet . [et al.] ; tr. Ana Elizabeth García Hernández.
250 _a2a ed.
264 1 _aMéxico :
_bGrupo Editorial Patria,
_c2004.
300 _a475 páginas :
_bilustraciones ;
_c27 centímetros
336 _atext
_2rdacontent
337 _aunmediated
_2rdamedia
338 _avolume
_2rdacarrier
500 _aTítulo original: Appied Calculus.
505 0 _aFunciones y cambio -- Razón de cambio: la derivada -- Métodos breves de derivación -- Uso de la derivada -- Cambio acumulado: la integral definida -- Uso de la integral definida -- Anti derivadas -- Funciones de varias variables -- Probabilidad -- Modelado matemático mediante ecuaciones diferenciales -- Series geométricas.
526 _aSEG44
526 _aSEG26
526 _aP159
526 _aP155
526 _aP154
526 _aP153
526 _aP150
526 _aP100
526 _aP31
526 _aP30
526 _aP26
526 _aP25
526 _aP24
526 _aP22
526 _aP15
526 _aP10
541 _g015-0016191;
650 0 4 _aCálculo.
700 1 _aHughes-Hallett, Deborah
700 1 _aGarcía Hernández, Ana Elizabeth,
_etr.
910 _agl
_cng
_d20131119
942 _2ddc
_cBOOK
949 _a515 C21 2004
_wDEWEY
_c1
_i69125
_lCCODEBUL1
_mBUL
_p25.00
_r0
_sY
_tBOOK
_u2015-7-6
_xINGENIERIA
_PP24
_o.STAFF. Colección General
994 _aC0
_bPEPRU
596 _a1
999 _a515 C21 2004
_wDEWEY
_c56189
_i69125
_d56189
_e2016-6-20
_f2021-11-9
_g7
_lCCODEBUL1
_mBUL
_n2
_p25.00
_q1
_r0
_sY
_tBOOK
_u2015-7-6
_xINGENIERIA
_PP24
_0COMPRA
_o.STAFF. Colección Ingenieria y Arquitectura
980 _81
_gALBERTO SANCHEZ Responsable de Automatización